Kinh tế tri thức Những khái niệm và vấn đề cơ bản

Zapisane w:
Opis bibliograficzny
1. autor: Đặng Mộng Lân
Format: Książka
Język:Undetermined
Wydane: Hà Nội Thanh Niên 2001
Hasła przedmiotowe:
Etykiety: Dodaj etykietę
Nie ma etykietki, Dołącz pierwszą etykiete!
Thư viện lưu trữ: Trung tâm Học liệu Trường Đại học Cần Thơ
LEADER 00571nam a2200181Ia 4500
001 CTU_42246
008 210402s9999 xx 000 0 und d
082 |a 001.2 
082 |b L121 
100 |a Đặng Mộng Lân 
245 0 |a Kinh tế tri thức 
245 0 |b Những khái niệm và vấn đề cơ bản 
245 0 |c Đặng Mộng Lân 
260 |a Hà Nội 
260 |b Thanh Niên 
260 |c 2001 
650 |a developing countries,intelligence service,knowledge 
980 |a Trung tâm Học liệu Trường Đại học Cần Thơ